00816nam a2200193 a 450000100100000000500170001000800410002704000250006824000620009324502270015526000310038230000210041349000400043450000210047450400280049570000210052370000380054483000400058200003666320200930075848.0120124s1989 es 000 0 spa d aDO-SdBNPbspacBNPHU10aCombatting cardiovascular diseases skillfully.lEspañol00aTrastornos cardiovasculares /cSally A. Bowers... [et al.] ; traducción de la 2ª ed. en inglés, José María Vila Planas ; revisión de la edición española, Margarita Peya Gascons, Montserrat Busquets Surribas. aBarcelona :bDoyma,c1989. a192 p. ;c24 cm.1 aAtención integral en enfermería aIncluye índice aBibliografía : p. 18612aBowers, Sally A.12aVila Planas, José María,etr. 0aAtención integral en enfermería